| 000 | 00911cab a2200253 4500 | ||
|---|---|---|---|
| 001 | ABS55687 | ||
| 008 | 090401t1996 xxu||||| |||| 00| 0 eng d | ||
| 035 | _a(Sirsi) u18044 | ||
| 041 | _aeng | ||
| 100 | _aUpton, W. | ||
| 245 | _aStunning powers of environmental inspectors | ||
| 260 | _c1996 | ||
| 350 | _a0 | ||
| 490 |
_aJournal of Planning and Environment Law _vAugust 1996, 623-632(10) |
||
| 520 | _aOutlines the powers of environmental inspectors under Environment Act 1995 ss108-110 in enforcing pollution control measures. The Environment Agency took over responsibility from HMIP and the National Rivers Authority from 1 April 1996. | ||
| 650 | _aENVIRONMENT ACT 1995 | ||
| 650 | _aENVIRONMENT AGENCY | ||
| 650 | _aENVIRONMENTAL INSPECTORS | ||
| 650 | _aPOLLUTION CONTROL | ||
| 690 | _aENVIRONMENTAL AND LAND CONSULTANCY | ||
| 700 | _aHarwood, R. | ||
| 942 | _n0 | ||
| 948 | _c04/03/1997 | ||
| 999 |
_c11965 _d11965 |
||